Exekúcie

Z obsahu: Exekúcie zvýšili vymožiteľnosť súdnych rozhodnutí. Niektorí manažéri exekúcie vynaliezavo využili. České firmy sú oproti slovenským zvýhodnené. V exekúciách sa bude pokračovať, ale podľa upraveného zákona. Všeobecná úverová banka využíva služby vyše sto exekútorov. Daňové exekúcie sú namáh...

ver descrição completa

Na minha lista:
Detalhes bibliográficos
Autor principal: Hrúz, Juraj
Formato: Capítulo de Livro
Idioma:eslovaco
Assuntos:
Tags: Adicionar Tag
Sem tags, seja o primeiro a adicionar uma tag!

MARC

LEADER 00000naa a2200000 4500
001 r035304
005 20230921103840.9
041 0 |a slo 
044 |a SK 
245 1 0 |a Exekúcie  |c Juraj Hrúz 
520 |a Z obsahu: Exekúcie zvýšili vymožiteľnosť súdnych rozhodnutí. Niektorí manažéri exekúcie vynaliezavo využili. České firmy sú oproti slovenským zvýhodnené. V exekúciách sa bude pokračovať, ale podľa upraveného zákona. Všeobecná úverová banka využíva služby vyše sto exekútorov. Daňové exekúcie sú namáhavé, často bez konkrétneho výsledku. 
610 2 0 |a exekúcia 
610 2 0 |a exekútori 
610 2 0 |a manažéri 
610 2 0 |a dane 
610 2 0 |a nedoplatky 
610 2 0 |a zákony 
610 2 0 |a Slovensko 
610 2 0 |a VÚB, a.s. Bratislava 
100 1 |a Hrúz, Juraj